Địa lý tự nhiên các lục địa Tập 1 Địa lý tự nhiên các lục địa
Địa lý tự nhiên các lục địa Bắc mỹ...
Сохранить в:
| Главный автор: | |
|---|---|
| Формат: | |
| Язык: | Vietnamese |
| Опубликовано: |
H.
Giáo dục
1984
|
| Серии: | Sách đại học sư phạm
|
| Предметы: | |
| Метки: |
Добавить метку
Нет меток, Требуется 1-ая метка записи!
|
| Thư viện lưu trữ: | Mạng thư viện Đại học Đà Nẵng |
|---|
| LEADER | 01257nam a2200361 4500 | ||
|---|---|---|---|
| 001 | 000015517 | ||
| 003 | 11900 | ||
| 005 | 20120530070511.0 | ||
| 008 | 120530s1984 viesd | ||
| 041 | 0 | |a vie | |
| 082 | |a 910 |b NG-H | ||
| 100 | 0 | |a Nguyễn Phi Hạnh | |
| 245 | 1 | 0 | |a Địa lý tự nhiên các lục địa |c Nguyễn Phi Hạnh |n Tập 1 |p Địa lý tự nhiên các lục địa |
| 260 | |a H. |b Giáo dục |c 1984 | ||
| 300 | |a 192 tr. |c 21 cm | ||
| 490 | |a Sách đại học sư phạm | ||
| 504 | |a Thư muc:tr.251-252 | ||
| 520 | |a Địa lý tự nhiên các lục địa Bắc mỹ... | ||
| 653 | |a Địa lý tự nhiên | ||
| 653 | |a giáo trình | ||
| 653 | |a lục địa | ||
| 773 | |t Địa lý tự nhiên các lục địa |w 5033 | ||
| 910 | |a quỳnh |d 21/10/2011 | ||
| OWN | |a LSP | ||
| AVA | |a UDN50 |b LSP |d 910 NG-H |e available |t Error 5001 Not defined in file expand_doc_bib_avail. |f 2 |g 0 |h N |i 0 |k 1 | ||
| 999 | |a From the UDN01 | ||
| AVA | |a UDN50 |b LSP |d 910 NG-H |e available |t Error 5001 Not defined in file expand_doc_bib_avail. |f 2 |g 0 |h N |i 0 |k 1 | ||
| TYP | |a Monograph | ||
| TYP | |a Printed language | ||
| 980 | |a Mạng thư viện Đại học Đà Nẵng | ||